Análisis de la productividad para varias actividades de la construcción por medio de la medición de retrasos en el ciclo de producción
保存先:
| 第一著者: | |
|---|---|
| フォーマット: | 図書 |
| 出版事項: |
[San José, Costa Rica]
2004
|
| 主題: | |
| タグ: |
タグ追加
タグなし, このレコードへの初めてのタグを付けませんか!
|
MARC
| LEADER | 00000nam a2200000Ia 4500 | ||
|---|---|---|---|
| 003 | 009341 | ||
| 005 | 20221231144138.0 | ||
| 008 | 140114s2004 cr a m 000 ||sp d | ||
| 040 | |c cru CEDI | ||
| 090 | |a TFG 4880 | ||
| 100 | |a Ramírez Murillo, José |9 6448 | ||
| 245 | |a Análisis de la productividad para varias actividades de la construcción por medio de la medición de retrasos en el ciclo de producción | ||
| 260 | |c 2004 |a [San José, Costa Rica] | ||
| 300 | |a 70, [12] hojas : ilustraciones (algunas a color) | ||
| 500 | |a Proyecto de graduación (licenciatura en ingeniería civil)--Universidad de Costa Rica. Facultad de Ingeniería. Escuela de Ingeniería Civil | ||
| 650 | |x INDUSTRIA DE LA CONSTRUCCION UCCION |x TRABAJADORES DE LA CONSTRUCCION |x RENDIMIENTO DEL TRABAJO |x PRODUCTIVIDAD DEL TRABAJO |x MANO DE OBRA |x MEDICIONES |9 6449 | ||
| 942 | |c TFG | ||
| 999 | |c 17540 |d 17540 | ||
